| Tag |
First Indicator |
Second Indicator |
Subfields |
| LEADER |
00000cam a22000008a 4500 |
| 001 |
in00002000210 |
| 005 |
20180312141605.0 |
| 008 |
030707s2005 nyu be 001 0 eng |
| 010 |
|
|
|a 2003015313
|
| 020 |
|
|
|a 0765680580 (hardcover : alk. paper)
|
| 035 |
|
|
|a (OCoLC)ocm52575849
|
| 040 |
|
|
|a DLC
|c DLC
|d UtOrBLW
|
| 042 |
|
|
|a pcc
|
| 049 |
|
|
|a TXAM
|
| 050 |
0 |
0 |
|a HF1373
|b .W67 2004
|
| 082 |
0 |
0 |
|a 382/.03
|2 22
|
| 090 |
|
|
|a HF1373
|b .W67 2005
|
| 245 |
0 |
0 |
|a Encyclopedia of world trade :
|b from ancient times to present /
|c edited by Cynthia Clark Northrup.
|
| 263 |
|
|
|a 0412
|
| 264 |
|
1 |
|a Armonk, N. Y. :
|b Sharpe Reference,
|c [2005]
|
| 264 |
|
4 |
|c ©2005
|
| 300 |
|
|
|a 4 volumes ;
|c 28 cm.
|
| 336 |
|
|
|a text
|b txt
|2 rdacontent
|
| 337 |
|
|
|a unmediated
|b n
|2 rdamedia
|
| 338 |
|
|
|a volume
|b nc
|2 rdacarrier
|
| 504 |
|
|
|a Includes bibliographical references and indexes.
|
| 650 |
|
0 |
|a International trade
|x History
|v Encyclopedias.
|
| 650 |
|
0 |
|a Commerce
|x History
|v Encyclopedias.
|
| 700 |
1 |
|
|a Northrup, Cynthia Clark,
|d 1959-
|
| 856 |
4 |
1 |
|3 Table of contents
|u http://www.loc.gov/catdir/toc/ecip046/2003015313.html
|t 0
|
| 994 |
|
|
|a C0
|b TXA
|
| 948 |
|
|
|a cataloged
|b h
|c 2005/4/29
|d c
|e blrosas
|f 9:02:01 am
|
| 999 |
|
|
|a MARS
|
| 999 |
f |
f |
|s e1cca889-6417-3447-9bf0-357d34224f8a
|i af8c4c4d-43e7-399a-aa6a-5b52facac2ec
|t 0
|
| 952 |
f |
f |
|p storage
|a Texas A&M University
|b J.J. Pickle Campus
|c High Density Repository
|d Remote Storage
|t 0
|e HF1373 .W67 2005
|h Library of Congress classification
|i unmediated -- volume
|k v.2
|m A14833779431
|
| 952 |
f |
f |
|p storage
|a Texas A&M University
|b J.J. Pickle Campus
|c High Density Repository
|d Remote Storage
|t 0
|e HF1373 .W67 2005
|h Library of Congress classification
|i unmediated -- volume
|k v.3
|m A14833779392
|
| 952 |
f |
f |
|p storage
|a Texas A&M University
|b J.J. Pickle Campus
|c High Density Repository
|d Remote Storage
|t 0
|e HF1373 .W67 2005
|h Library of Congress classification
|i unmediated -- volume
|k v.4
|m A14833779350
|
| 952 |
f |
f |
|p storage
|a Texas A&M University
|b J.J. Pickle Campus
|c High Density Repository
|d Remote Storage
|t 0
|e HF1373 .W67 2005
|h Library of Congress classification
|i unmediated -- volume
|k v.1
|m A14832622966
|
| 998 |
f |
f |
|a HF1373 .W67 2005
|s v.1-4
|t 0
|l Remote Storage
|